Standard qualification in hiring non-teaching personnel in selected private schools/ (Record no. 78077)

MARC details
000 -LEADER
fixed length control field 02704nam a22002537a 4500
003 - CONTROL NUMBER IDENTIFIER
control field URS
005 - DATE AND TIME OF LATEST TRANSACTION
control field 20240417171632.0
008 - FIXED-LENGTH DATA ELEMENTS--GENERAL INFORMATION
fixed length control field 240417b |||||||| |||| 00| 0 eng d
050 1# - LIBRARY OF CONGRESS CALL NUMBER
Classification number LG 221 R.59 En16
Item number 2015
100 1# - MAIN ENTRY--PERSONAL NAME
Personal name Encinares, Ricmar B.
Relator term Researcher
245 ## - TITLE STATEMENT
Title <a href="Standard qualification in hiring non-teaching personnel in selected private schools/">Standard qualification in hiring non-teaching personnel in selected private schools/</a>
Statement of responsibility, etc Ricmar B. Encinares; Maria Clare M. Lagula [and] Jay P. Yruma
260 #1 - PUBLICATION, DISTRIBUTION, ETC. (IMPRINT)
Date of publication, distribution, etc 2015
300 ## - PHYSICAL DESCRIPTION
Extent viii, 55 leaves,
Other physical details ilustration,
Dimensions 28 cm
336 ## - CONTENT TYPE
Source rdacontent
Content type term text
337 ## - MEDIA TYPE
Source rdamedia
Media type term unmediated
338 ## - CARRIER TYPE
Source rdacarrier
Carrier type term volume
502 ## - DISSERTATION NOTE
Dissertation note Undergraduate Thesis<br/>
Degree type Bachelor of Science in Business Administration Major in Human Resources Development Management
Name of granting institution University of Rizal System,
Year degree granted 2015
520 ## - SUMMARY, ETC.
Summary, etc This study aimed to determine the standard qualifications in hiring non-teaching personnel in selected private schools. The respondents of this study were the thirty (30) selected private schools. Descriptive research was utilized in this study.<br/>In order to obtain better results and accurate interpretation, the researchers used the following statistical treatment: The profile of the respondents, frequency, percentage and rank distribution were used. Standard qualifications of non-teaching personnel in the schools, Mean was used. To determine the significant differences between the profile of school and the standard qualifications in hiring non-teaching personnel, one-way ANOVA was utilized<br/><br/>From the gathered data the following were the findings, on the profile of the schools, among all the private schools who participated in the study, Roosevelt College High School department had the highest in terms of student population with 1,123 students. In terms of hiring non-teaching personnel top among the standards qualifications have earn a bachelor's and masteral degree, Have interpersonal skills to school personnel and Have a working knowledge of MS office application. They had the same mean of 4.86. In terms of cashier, top among them was Be possesses at least Vocational Diploma/ short term course certificate, bachelor's degree with a mean of 4.83. In terms of librarian, Have bachelor's degree or master's degree in library science or information topped among the qualifications with a mean of 4.76. In terms of Secretary, top among the qualifications have bachelor's degree related to office administration/computer secretary with a mean of 4.80.
650 ## - SUBJECT ADDED ENTRY--TOPICAL TERM
Source of heading or term Standard qualification in hiring non-teaching personnel in selected private schools
700 ## - ADDED ENTRY--PERSONAL NAME
Personal name Lagula, Maria Claire M.
Relator term Researcher
700 ## - ADDED ENTRY--PERSONAL NAME
Personal name Yruma, Jay P.
Relator term Researcher
700 ## - ADDED ENTRY--PERSONAL NAME
Personal name Maniaol, Maricel V.
Relator term Adviser
942 ## - ADDED ENTRY ELEMENTS (KOHA)
Source of classification or shelving scheme Library of Congress Classification
Koha item type Theses and dissertations
Holdings
Withdrawn status Source of classification or shelving scheme Damaged status Not for loan Home library Current library Shelving location Date acquired Total Checkouts Full call number Barcode Date last seen Copy number Price effective from Koha item type
  Library of Congress Classification   Not For Loan Rodriguez College Library Rodriguez College Library Undergraduate Theses 04/17/2024   LG 221.R59 En16 2015 URSROD-UGT-HRDM-0605 04/17/2024 c1 04/17/2024 Theses and dissertations

University of Rizal System
Email us at univlibservices@urs.edu.ph

Visit our Website www.urs.edu.ph/library